000
00238nam a2200097Ia 4500
005
20251222114410.0
008
251222s1900||||xx |||||||||||||| ||spa||
082
_a
DVD0120/F79/2005
245
0
_a
Rigoletto, una trĂ¡gica historia:
942
_c
DVD
999
_c
1989
_d
1989